000 00821nam a2200217 i 4500
001 132589
003 ES-MaACL
005 20231226173829.0
007 t|
008 070214s1933 sp |||| | spa d
245 0 0 _aRomancero popular de la montaña
_b: colección de romances tradicionales /
_crecogidos y ordenados por J. Mª de Cossío y Tomás Maza Solano.
260 _aSantander :
_b[s.n.],
_c1933 (
_fImp. de la Librería Moderna)
300 _a2 v. ;
_c22 cm.
500 _aPrecede al tít : Sociedad Menéndez Pelayo.
650 4 _aRomances-
_zCantabria (Comunidad Autónoma)
_9169567
700 1 _aCossío, José María de,
_d1893-1977
_941017
700 1 _aMaza Solano, Tomás.
_979455
710 2 _aSociedad Menéndez Pelayo
_96793
852 _aES-MaACL
_jB-9516-17
999 _c132589
_d132589